| 000 | 01432nam a2200361 a 4500 | ||
|---|---|---|---|
| 001 | ebr10382816 | ||
| 003 | CaPaEBR | ||
| 006 | m u | ||
| 007 | cr cn||||||||| | ||
| 008 | 100610r20081952dcu s 000 0 eng d | ||
| 010 | _z 63019613 | ||
| 020 | _z9780813215587 (pbk.) | ||
| 020 | _z9780813211145 (e-book) | ||
| 040 |
_aCaPaEBR _cCaPaEBR |
||
| 035 | _a(OCoLC)647919869 | ||
| 041 | 1 |
_aeng _hlat |
|
| 050 | 1 | 4 |
_aBR65.A64 _bE54 2008eb |
| 100 | 0 |
_aAugustine, _cSaint, Bishop of Hippo. |
|
| 245 | 1 | 4 |
_aThe city of God. _nBooks VIII-XVI _h[electronic resource] / _ctranslated by Gerald G. Walsh and Grace Monahan. |
| 260 |
_aWashington, D.C. : _bCatholic University of America Press, _c2008, c1952. |
||
| 300 | _a567 p. | ||
| 490 | 1 |
_aThe fathers of the church : a new translation ; _vv. 14 |
|
| 500 | _aFirst paperback reprint. | ||
| 533 |
_aElectronic reproduction. _bPalo Alto, Calif. : _cebrary, _d2013. _nAvailable via World Wide Web. _nAccess may be limited to ebrary affiliated libraries. |
||
| 650 | 0 |
_aKingdom of God _vEarly works to 1800. |
|
| 650 | 0 |
_aApologetics _vEarly works to 1800. |
|
| 655 | 7 |
_aElectronic books. _2local |
|
| 700 | 1 | _aWalsh, Gerald G. | |
| 700 | 1 | _aMonahan, Grace. | |
| 710 | 2 | _aebrary, Inc. | |
| 830 | 0 |
_aFathers of the church ; _vv. 14. |
|
| 856 | 4 | 0 |
_uhttp://site.ebrary.com/lib/rucke/Doc?id=10382816 _zAn electronic book accessible through the World Wide Web; click to view |
| 999 |
_c103657 _d103657 |
||